Cyclisme : Cavendish 35 Étapes Tour de France - Statistiques

Statistiques générales
  • Ce quiz a été pris 65 fois
  • Le résultat moyen est 13 sur 35
Statistiques - réponses
Années Équipe Réponse % Correct
2009 Team Columbia - HTC Paris
91%
2010 Team HTC - Columbia Paris
91%
2011 HTC - High Road Paris
91%
2012 Sky Procycling Paris
91%
2010 Team HTC - Columbia Bordeaux
74%
2008 Team Columbia Châteauroux
61%
2011 HTC - High Road Châteauroux
61%
2021 Deceuninck - Quick Step Châteauroux
61%
2013 Omega Pharma - Quick-Step Marseille
57%
2011 HTC - High Road Montpellier
52%
2016 Team Dimension Data Angers
46%
2008 Team Columbia Nîmes
43%
2021 Deceuninck - Quick Step Carcassonne
41%
2008 Team Columbia Toulouse
41%
2015 Etixx - Quick Step Fougères
39%
2021 Deceuninck - Quick Step Fougères
39%
2013 Omega Pharma - Quick-Step Saint-Amand-Montrond
37%
2021 Deceuninck - Quick Step Valence
37%
2016 Team Dimension Data Utah Beach
35%
2024 Astana Qazaqstan Team Saint-Vulbas
33%
2011 HTC - High Road Cap Fréhel
24%
2016 Team Dimension Data Montauban
20%
2008 Team Columbia Narbonne
17%
2009 Team Columbia - HTC Issoudun
15%
2016 Team Dimension Data Villars-les-Dombes
15%
2012 Sky Procycling Brive-la-Gaillarde
11%
2010 Team HTC - Columbia Montargis
11%
2012 Sky Procycling Tournai
9%
2010 Team HTC - Columbia Bourg-lès-Valence
7%
2010 Team HTC - Columbia Gueugnon
7%
2009 Team Columbia - HTC La Grande-Motte
7%
2011 HTC - High Road Lavaur
7%
2009 Team Columbia - HTC Aubenas
4%
2009 Team Columbia - HTC Brignoles
4%
2009 Team Columbia - HTC Saint-Fargeau
4%
Aucun quiz correspondant
Distribution des résultats
% des personnes avec chaque résultat
Percentile par nombre de réponses
Votre historique - résultats
Vous n’avez pas pris ce quiz